Score 0/11 Timer 04:00
0 Plays Today
Book % Correct
The Egg and I
90.9%
Mrs. Piggle Wiggle
72.7%
Nancy and Plum
54.5%
Anybody Can Do Anything
45.5%
Mrs. Piggle Wiggle's Magic
45.5%
Onions In the Stew
45.5%
The Plague and I
45.5%
Mrs. Piggle Wiggle's Farm
36.4%
Hello, Mrs. Piggle Wiggle
27.3%
Who Me
18.2%
Happy Birthday, Mrs. Piggle Wiggle
18.2%
Remove Ads.
Support Sporcle.
Get the best of Sporcle when you Go Orange. This ad-free experience offers more features, more stats, and more fun while also helping to support Sporcle. Thank you for becoming a member.

You're not logged in!

Compare scores with friends on all Sporcle quizzes.
OR
Log In

Show Comments

Extras

Created Oct 24, 2010SourceReportNominate
Tags:Book Quiz, Betty, macdonald

Top Quizzes Today


Score Distribution

Your Account Isn't Verified!

In order to create a playlist on Sporcle, you need to verify the email address you used during registration. Go to your Sporcle Settings to finish the process.

Report this User

Report this user for behavior that violates our Community Guidelines.

Details: